Statistiques concernant Culture Générale - Série 341

Cliquez ici pour prendre le quiz!

Statistiques générales

  • Ce quiz a été pris 62 fois
  • Le résultat moyen est 6 sur 10

Statistiques - réponses

QuestionRéponse% Correct
Que vous dit un Allemand quand il prononce le mot "Danke" ?Merci
98%
Combien y a-t-il de boules de cristal dans le titre d'un album de Tintin ?7
95%
Dans quel sport dispute-t-on le Super Bowl ?Le Football américain
81%
Quel est le grade de "la folle du régiment" selon Michel Sardou en 1971 ?Sergent
76%
Que mangez-vous si vous dégustez des ortolans ?Des oiseaux
74%
A quelle ville Bourvil a t'il rendu hommage en chanson avec son célébre "clair de lune"?Maubeuge
52%
Quel terme désigne des verbes qui n'admettent pas de complément d'objet?Intransitifs
45%
Dans quel film Philippe Noiret est'il projectionniste ?Cinema Paradiso
28%
Quel est le prénom de madame Rigby, chantée par les Beatles en 1966 ?Eleanor
26%
Sous quel nom connait-on mieux Margaretha Geertruida « Grietje » Zelle ?Mata Hari
16%

Distribution des résultats

Percentile par nombre de réponses

% des personnes avec chaque résultat

Votre développement - résultats

Vous n’avez pas pris ce quiz